000 01118cam a22002411a 4500
001 pa 58000034
003 DLC
005 20260227111854.0
008 861230s1958 dcuc i000 0 spa
010 _apa 58000034
035 _a(OCoLC)15023193
040 _aDLC
_cOCU
_dCHS
_dAzTeS
_dFMU
_dDLC
042 _apremarc
050 0 0 _aPQ8097.G6
_bZ69
245 0 0 _aGabriela Mistral, 1889-1957.
260 _aWashington, D.C. :
_bPan American Union,
_c1958.
300 _a90 p. :
_bport. ;
_c25 cm.
490 1 _aPublicaciones / Comité Interamericano de Bibliografía. Organización de los Estados Americanos
505 0 _aRecuerdo de Gabriela Mistral / J. Marín -- Gabriela Mistral ; aspectos de su vida y de su obra / J. Uribe Echevarría -- Alabanza de Gabriela Mistral / R. Helidoro Valle -- Las ideas americanistas de Gabriela Mistral / J. A. Mora -- Los escritos de Gabriela Mistral y estudios sobre su obra / N. Albanell y N. Mango.
600 1 0 _aMistral, Gabriela,
_d1889-1957.
600 1 0 _aMistral, Gabriela,
_d1889-1957
_vBibliography.
810 2 _aInter-American Committee on Bibliography.
_tPublications.
999 _c51368
_d51368